| 000 | 00389nam a2200145 a 4500 | ||
|---|---|---|---|
| 005 | 20140412111341.0 | ||
| 008 | 031016s19uu xx 00 eng d | ||
| 050 |
_aER _bRa131 |
||
| 245 | _aRailway trains. | ||
| 260 |
_aTokyo : _bFroebel-kan co., ltd, _c[n.d.] |
||
| 300 | _a[10] p. ; ill. | ||
| 650 | _aTransporation--picture book | ||
| 650 | _aVehicles--picture books | ||
| 999 |
_c105117 _d105117 |
||